Dene benódheré beghḁ eritł'is : Dene beginner verbs book /

Saved in:
நூற்பட்டியல் விவரங்கள்
குழும எழுத்தாளர்: Saskatchewan Indian Cultural Centre.
மற்ற எழுத்தாளர்கள்: Hay, Elaine, 1961-
வடிவம்: புத்தகம்
மொழி:English
வெளியீடப்பட்டது: Saskatoon, Sask. : Saskatchewan Indian Cultural Centre, 1999.
பகுதிகள்:
குறியீடுகள்: குறிச்சொல் இணை
குறியீடுகள் இல்லை, இந்த குறிச்சொல்லை முதலில் பதிவு செய்யுங்கள்!
LEADER 00957nam a22002778a 4500
001 008219829-2
005 20020606104010.5
008 991027s1999 snca 000|0 eng d
010 |a cn 99920136  
015 |a C99-920136-0 
020 |a 1551653249 :  |c $10.00 
035 0 |a ocm42009596 
040 |a CaMWU  |b eng  |c NLC 
041 0 |a engchp 
055 3 |a PM850 C21  |b D45 1999 
082 0 |a 497/.2  |2 21 
245 0 0 |a Dene benódheré beghḁ eritł'is :  |b Dene beginner verbs book /  |c compiled by Saskatchewan Indian Cultural Centre ; Dene translation & editing,Elaine Hay. 
260 |a Saskatoon, Sask. :  |b Saskatchewan Indian Cultural Centre,  |c 1999. 
300 |a 58 p. :  |b ill. ;  |c 28 cm. 
500 |a Text in English and Dene. 
650 0 |a Chipewyan language  |x Verb. 
650 0 |a Chipewyan language  |x Study and teaching  |x English speakers. 
700 1 |a Hay, Elaine,  |d 1961- 
710 2 |a Saskatchewan Indian Cultural Centre. 
988 |a 20020608 
906 |0 OCLC